The life and letters of Charles Darwin, including an autobiographical chapter: Edited by his son, Francis Darwin

Guardat en:
Dades bibliogràfiques
Autor principal: Darwin, Francis (Autor)
Format: Llibre
Idioma:anglès
Publicat: Londres John Murray 1887
Edició:1a. ed
Matèries:
Etiquetes: Afegir etiqueta
Sense etiquetes, Sigues el primer a etiquetar aquest registre!

MARC

LEADER 00000nam a2200000 a 4500
001 UCJ4351
003 CL-VaPUC
008 070124e18870000UK |||||||||||||||||eng|d
082 0 4 |a 925  |b DAR  |2 21 
100 0 |a Darwin, Francis  |e author  |9 507840 
245 1 4 |a The life and letters of Charles Darwin, including an autobiographical chapter: Edited by his son, Francis Darwin 
250 |a 1a. ed 
300 |a 3 v 
942 |c BK 
945 |d 20070124 00:00:00  |a rinostro 
260 |a Londres  |b John Murray  |c 1887 
500 |a Front. v. 1, 2 y 3 retrato de Darwin 
600 0 |a Darwin Charles  |9 398 
650 7 |a BIOGRAFIA  |2 CL-VaPUC  |9 504622 
650 0 |a Iconografía   |9 267998 
650 0 |a Científicos   |9 262025 
650 0 |a Evolución  |9 259442 
650 0 |a Crítica  |9 373015 
650 7 |a DOCUMENTOS  |2 CL-VaPUC  |9 366450 
650 7 |a EPISTOLARIO  |2 CL-VaPUC  |9 321776 
583 |a last modification  |c 20070124 00:00:00  |k Rodrigo Vera 
999 |c 320467  |d 320465 
952 |0 0  |1 0  |4 0  |6 925_000000000000000_DAR_1887  |7 0  |8 X  |9 398989  |a FDOBUD  |b FDOBUD  |d 2019-11-22  |h v.1  |i 1053159  |o 925 DAR 1887  |p 1053159  |r 2019-11-22  |w 2019-11-22  |y BK_X  |k BUD 
952 |0 0  |1 0  |4 0  |6 925_000000000000000_DAR_1887  |7 0  |8 X  |9 398990  |a FDOBUD  |b FDOBUD  |d 2019-11-22  |h v.2  |i 1016822  |o 925 DAR 1887  |p 1016822  |r 2019-11-22  |w 2019-11-22  |y BK_X  |k BUD 
952 |0 0  |1 0  |4 0  |6 925_000000000000000_DAR_1887  |7 0  |8 X  |9 398991  |a FDOBUD  |b FDOBUD  |d 2019-11-22  |h v.3  |i 101997K  |o 925 DAR 1887  |p 101997K  |r 2019-11-22  |w 2019-11-22  |y BK_X  |k BUD